| 000 | 00574nam a22001695i 4500 | ||
|---|---|---|---|
| 001 | 161550 | ||
| 003 | ES-MaACL | ||
| 005 | 20230906212317.0 | ||
| 008 | 041020s1896 fr |||| | fre d | ||
| 040 |
_aCAM _bspa _cCAM |
||
| 100 | 1 |
_aPaul-Dubois, Louis. _9130904 |
|
| 245 | 1 | 4 |
_aLes chemins de fer aux Etats-Unis / _cLouis Paul-Doubois. |
| 260 |
_aParis : _bArmand Colin et c\pie\s éditeurs, _c1896 ( _eCoulommiers : _fImp. Paul Brodard) |
||
| 300 |
_aVII, 272 p. ; _c19 cm. |
||
| 650 | 4 |
_aFerrocarriles- _zEstados Unidos. _9136101 |
|
| 852 |
_aES-MaACL _jF-8474 _z-- Rust. |
||
| 999 |
_c161550 _d161550 |
||